Los felinos / (Record no. 133361)

MARC details
000 -CABECERA
campo de control de longitud fija 00731nam a2200217 u 4500
005 - FECHA Y HORA DE LA ÚLTIMA TRANSACCIÓN
campo de control 20240815063719.0
008 - ELEMENTOS DE LONGITUD FIJA--INFORMACIÓN GENERAL
campo de control de longitud fija 080929s2003 ea r 000 0 spa d
020 ## - NÚMERO INTERNACIONAL NORMALIZADO PARA LIBROS
Número Internacional Estándar del Libro 0746050704
035 ## - NÚMERO DE CONTROL DEL SISTEMA
Número de control de sistema UPN01000161248
049 ## - COLECCIÓN
Colección I
050 #4 - SIGNATURA TOPOGRÁFICA DE LA BIBLIOTECA DEL CONGRESO
Número de clasificación QL737 C2.3
Número de documento/Ítem S4.4
100 1# - ASIENTO PRINCIPAL--NOMBRE PERSONAL
Nombre de persona Sheikh-Miller, Jonathan
9 (RLIN) 32186
245 14 - MENCIÓN DE TÍTULO
Título Los felinos /
Mención de responsabilidad, etc. Jonathan Sheikh-Miller y Stephanie Turnbull ; il. John Woodcock ; tr. Pilar Dunster.
260 ## - PUBLICACIÓN, DISTRIBUCIÓN, ETC.
Lugar de publicación, distribución, etc. [Estados Unidos] :
Nombre del editor, distribuidor, etc. Usborne Publishing,
Fecha de publicación, distribución, etc. 2003.
300 ## - DESCRIPCIÓN FÍSICA
Extensión 47 p. :
Otras características físicas il. col.
440 #0 - MENCIÓN DE SERIE/ASIENTO SECUNDARIO--TÍTULO
Título Descubre y explora
650 #4 - ASIENTO SECUNDARIO DE MATERIA - TERMINO TEMATICO
Término de materia o nombre geográfico como elemento de entrada FELINOS -
Subdivisión de forma LITERATURA JUVENIL
9 (RLIN) 12503
650 #4 - ASIENTO SECUNDARIO DE MATERIA - TERMINO TEMATICO
Término de materia o nombre geográfico como elemento de entrada Animales
Subdivisión general Hábitos y comportamiento
9 (RLIN) 1059
700 1# - ASIENTO SECUNDARIO--NOMBRE DE PERSONAL
Nombre de persona Turnbull, Stephanie,
Término indicativo de función/relación coaut.
9 (RLIN) 36640
905 ## - TIPO DE MATERIAL
Tipo de material Infantil
Holdings
Estado de retiro Estado de pérdida Fuente del sistema de clasificación o colocación Estado dañado No para préstamo Código de colección Localización permanente Ubicación/localización actual Ubicación en estantería Fecha de adquisición Total de préstamos Clasificación Código de barras Fecha visto por última vez Número de copia Tipo de ítem Koha
    Library of Congress Classification     Infantil Bib. Gregorio Torres Quintero Bib. Gregorio Torres Quintero Sala infantil Planta baja 10/05/2023 5 QL737 C2.3 S4.4 255973 31/12/2020 1 Libro
    Library of Congress Classification     Infantil Bib. Gregorio Torres Quintero Bib. Gregorio Torres Quintero Sala infantil Planta baja 10/05/2023 1 QL737 C2.3 S4.4 297601 31/12/2020 1 Libro